| 000 | 00630nam a22001937a 4500 | ||
|---|---|---|---|
| 999 |
_c165481 _d165481 |
||
| 005 | 20190619160823.0 | ||
| 010 | _aENG-125672 | ||
| 020 |
_a9789387871311 _c400.00 |
||
| 035 | _aEN-109204 | ||
| 037 | _bDBAD/PUB | ||
| 082 | _a005.133 | ||
| 100 | _aPraveena, M. | ||
| 245 |
_aJava programming / _cby M. Parveena [and] B.Nandhini |
||
| 260 |
_aChennai _bShanlax Publications _c2018 |
||
| 270 |
_a61, 66 T.P.K. Main Road _bVasantha Nagar, Madurai _e625003 _k0452-4208765, 7639303383 _mpublisher@shanlaxpublications.com |
||
| 300 |
_a267p. _c25cm(pbk) |
||
| 700 | _aNandhini, B. | ||
| 942 |
_2ddc _cEN _h005.133 _mPRA |
||